| 000 | 00846nas a2200277 4500 | ||
|---|---|---|---|
| 001 | BR9802203 | ||
| 003 | BR-BrBNA | ||
| 005 | 20231205100733.0 | ||
| 007 | ta | ||
| 008 | 230509b bl.|||p| |||| 00| 00por d | ||
| 040 |
_aBR-BrBNA _bpor _cBiblioteca Nacional de Agricultura |
||
| 041 | _a(Pt) | ||
| 072 | _aH20 | ||
| 100 | 1 | _aAmaral, H.M. do | |
| 100 | 1 | _aRibeiro, A.S. | |
| 100 | 1 | _aLucca Filho, O.A. | |
| 111 | 1 |
_a1. Simposio de Patologia de Sementes _cPiracicaba, SP (Brazil) _d5-9 Nov 1984 |
|
| 245 | 1 | _aDiagnostico da patologia de sementes de arroz no Brasil | |
| 650 | _aArroz | ||
| 650 | _aPatologia de Semente | ||
| 650 | _aPatogeno | ||
| 650 | _aDiagnostico | ||
| 773 | 0 |
_tRevista Brasileira de Sementes (Brazil) _x _g(1985), v. 7(1) p. 183-187 _wBR9802203 |
|
| 909 |
_a202311 _bLúcia _c55 _dLúcia Elande |
||
| 942 |
_2AGRIS _n0 _cANA |
||
| 999 |
_c157775 _d157775 |
||